1786 1302 1339 1340 1208 1614 1122 1069 1307 1760 1379 1554 1263 1441 1920 1542 1300 1134 1118 1906 1262 1928 1973 1954 1169 1303 1194 1861 1306 1222 1570 1932 1608 1511 1542 1052 1937 1187 1976 1188 1856 1694 1349 1506 1855 1881 1494 1296 1879 1829 1223 1223 1860 1068 1553 1981 1749 1457 1228 1753 1693 1508 1446 1288 1611 1745 1997 1995 1379 1692 1319 1340 1347 1165 1761 1657 1552 1640 1970 1322 1043 1415 1035 1898 1472 1347 1262 1859 1485 1183 1943 1700 1006 1493 1266 1556 1883 1351 1379 BCNSPRNW ULIB Ver.6.0+V

เปลี่ยนเป็นภาษาไทย

Change to English
 แสดงรายละเอียดบรรณานุกรม
  กลับหน้าหลัก

Brief Record : Get Marc (ISO 2709) : E-mail record : QR code < ปิดหน้าต่าง
LEADER : 00000nam 2200000uu 4500
001    13399110924
003     ULIB
008    110613s||||||||th 000 0 tha d
020    9749183320
050  4 AC158^bส172ด 2004
100    สตีฟ ปาร์เกอร์
245    เด็กๆรู้ไหมทำไมอุโมงค์มีทรงกลม ^cผู้แต่ง สตีฟ ปาร์เกอร์
260    กรุงเทพฯ : ^bโกรเลียร์ อินเตอร์เนชั่นแนล, ^c2004
300    32 หน้า : ^bภาพประกอบสี ; ^c28 ซม.
650  7 ความรู้รอบตัว
650  7 อุโมงค์
945    ^p350^l0^i029016
995    ทศพร
999 ^a ใช้งานได้ทุกระบบ
รายการนี้ยังไม่มีแท็ก
คุณยังไม่ได้ล็อกอิน คุณสามารถมีกิจกรรมร่วมกับเว็บไซต์ได้ แต่ต้องล็อกอินก่อน ::
  ล็อกอิน

รายการสื่อสารสนเทศ

ลำดับที่ ประเภท เลขเรียก/บาร์โค้ด สถานที่ สถานะ
- ไม่พบข้อมูล -

รายการใกล้เคียง
    หัวเรื่อง [ความรู้รอบตัว]

BibComment


ยังไม่เคยถูกคอมเมนท์

คอมเมนท์ทรัพยากรรายการนี้
  คอมเมนท์: เด็กๆรู้ไหมทำไมอุ..


 Copyright 2026. Bcnsprnw @Library